000 01215nam a22002415i 4500
001 166314
003 ES-MaACL
005 20230906213314.0
008 890119s1796 fr |||| |afre d
040 _aCAT
_bspa
_cCAT
_dCCPB
043 _aa-ii
080 4 _a954
100 0 _aTippu Sahib
_cSultán de Mysore (
_dca. 1749-1799)
_9133261
245 1 0 _aRévolutions de l'Inde pendant le dix-huitième siècle, ou Mémoires de Typoo-Zaeb, sultan du Maissour /
_cécrits par lui-même et traduits de la langue indostane ; publiés par Antoine Fantin-Desodoards...
260 _aA Paris :
_bchez George Bridel, à l'Imprimerie de l'union ..., et se trouve chez les marchands de nouveautés,
_c1796, n. st. IV.
300 _a2 v. (XVI, 382, [2]; [4], 358, [2] p.) ;
_c8º (21 cm)
597 1 _aSign.: a8, A-Aa8; [ ]2, A-Y8, Z4.
597 1 _a28 lín., apostillas marginales y reclamos al final de los cuadernos.
651 4 _aIndia-
_xHistoria-
_yS. XVIII.
_9137218
700 1 _aFantin des Odoards, Antoine (
_d1738-1820)
_9127010
852 _aES-MaACL
_jR-1184-85
_z-- Enc. hol.
_xOlim: G-7927-28
_x-- Edic.: Las [2] p. finales de cada tomo están en bl. -- Antep. en ambos tomos
999 _c166314
_d166314